000 00760nam a2200265 4500
003 OSt
005 20260601193856.0
008 260420b2004 sp a|||| |||| 00| 0 spa d
020 _a8496241882
040 _aICI
_bspa
_cICI
050 _aNA737
_bK667
100 1 _aKliczkowski, H,
_eautor
245 1 _aDiseño de Interiores
260 _aBarcelona :
_bKliczkowski,
_c[200-?]
300 _a61 páginas
336 _atexto
_2rdacontent
337 _asin medio
_2rdamedia
338 _avolumen
_2rdacarrier
650 _aArquitectura de interiores.
650 _aDiseño de interiores.
650 _aDecoración de interiores.
_xDiseño y planificación.
_933069
650 _aEspacios interiores
650 _aDiseño arquitectónico.
942 _2lcc
_cB
999 _c22054
_d22054